Osnovy finansovoĭ nauki ... : Kurs lekt︠s︡īĭ, chitannyĭ v S.-Peterburgskom i Moskovskom universitetakh ... /

Основы финансовой науки ... Курс лекцій, читанный в С.-Петербургском и Московском университетах ...
Bibliographic Details
Main Author: Ozerov, I. Kh. (Ivan Khristoforovich), 1869-
Format: Book
Language:Russian
Published: Riga : Izdanie D. Gliksmana, 1923.
Edition:5. izd.
Subjects:

MARC

Tag First Indicator Second Indicator Subfields
LEADER 00000cam a2200000I 4500
001 in00002118931
005 20151103064641.0
008 910328s1923 lv b 000 0 ruso
010 |a  48034771  
035 |a (OCoLC)ocm23351088 
040 |a DLC  |c WAU  |d WAU  |d OCLCQ  |d TXA  |d UtOrBLW 
049 |a TXAM 
090 |a HJ191.R92  |b O9 1923 
100 1 |6 880-01  |a Ozerov, I. Kh.  |q (Ivan Khristoforovich),  |d 1869- 
245 1 0 |6 880-02  |a Osnovy finansovoĭ nauki ... :  |b Kurs lekt︠s︡īĭ, chitannyĭ v S.-Peterburgskom i Moskovskom universitetakh ... /  |c Sostavil prof. I. Kh. Ozerov. 
250 |a 5. izd. 
264 1 |6 880-03  |a Riga :  |b Izdanie D. Gliksmana,  |c 1923. 
300 |a 2 volumes in 1. ;  |c 27 cm. 
336 |a text  |b txt  |2 rdacontent 
337 |a unmediated  |b n  |2 rdamedia 
338 |a volume  |b nc  |2 rdacarrier 
500 |a "'Osnovy finansovoĭ nauki' udostoeny Imperatorskoĭ akademīeĭ nauk premīi byvshago ministra finansov gen.-ad. S.A. Greĭga." 
505 0 |6 880-04  |a vyp. I. Uchenīe ob obyknovennykh dokhodakh.--vyp. II. Bi︠u︡dzhet. Formy vzimanīi︠a︡. Mi︠e︡stnye finansy. Gosudarstvennyĭ kredit. 
504 |a Includes bibliographical references. 
536 |a From the Estate of George and Mathilda Sabo by Dr. Joseph R. Corcoran & Irene Sabo Corcoran and Family. September 1998. 
650 0 |a Finance. 
880 1 |6 100-01  |a Озеров, И. Х.  |q (Иван Христофорович),  |d б. 1869. 
880 1 0 |6 245-02  |a Основы финансовой науки ...  |b Курс лекцій, читанный в С.-Петербургском и Московском университетах ...  |c Составил проф. И. Х. Озеров. 
880 |6 264-03  |a Рига,  |b Издание Д. Гликсмана,  |c 1923. 
880 0 |6 505-04  |a вып. И. Ученіе об обыкновенных доходах.--вып. ИИ. Бюджет. Формы взиманія. Мѣстные финансы. Государственный кредит. 
948 |a cataloged  |b h  |c 2006/5/2  |d c  |e tchubaryan  |f 11:04:57 am 
994 |a C0  |b TXA 
999 |a MARS 
999 f f |s b61f85b5-73fe-3303-ae6b-634d4e02971d  |i 7db516f9-3a33-39dd-adb6-7d954e205359  |t 0 
952 f f |p ric  |a Texas A&M University  |b Rellis Campus  |c Joint Library Facility  |d Remote Storage  |t 0  |e HJ191.R92 O9 1923  |h Library of Congress classification  |i unmediated -- volume  |m A14834107069 
998 f f |a HJ191.R92 O9 1923  |t 0  |l Remote Storage